<?xml version="1.0" encoding="UTF-8"?>
<record
    xmlns:xsi="http://www.w3.org/2001/XMLSchema-instance"
    xsi:schemaLocation="http://www.loc.gov/MARC21/slim http://www.loc.gov/standards/marcxml/schema/MARC21slim.xsd"
    xmlns="http://www.loc.gov/MARC21/slim">

  <leader>00612nam a22002417a 4500</leader>
  <controlfield tag="003">UA-OsUOA</controlfield>
  <controlfield tag="001"> 33994 </controlfield>
  <controlfield tag="007">ta</controlfield>
  <controlfield tag="008">20050920b un ||||| |||| 00| 0 ukr d</controlfield>
  <datafield tag="100" ind1=" " ind2=" ">
    <subfield code="a">&#x417;&#x430;&#x432;&#x430;&#x434;&#x430; &#x412;. &#x422;.</subfield>
  </datafield>
  <datafield tag="090" ind1=" " ind2=" ">
    <subfield code="a">726.5(477.41/42)</subfield>
    <subfield code="b">&#x417;-13</subfield>
  </datafield>
  <datafield tag="942" ind1=" " ind2=" ">
    <subfield code="c">BK</subfield>
  </datafield>
  <datafield tag="040" ind1=" " ind2=" ">
    <subfield code="a">UA-OsUOA</subfield>
    <subfield code="b">ukr</subfield>
    <subfield code="c">UA-OsUOA</subfield>
    <subfield code="d">UA-OsUOA</subfield>
  </datafield>
  <datafield tag="245" ind1=" " ind2=" ">
    <subfield code="a">&#x414;&#x435;&#x440;&#x435;&#x432;'&#x44F;&#x43D;&#x456; &#x445;&#x440;&#x430;&#x43C;&#x438; &#x41F;&#x43E;&#x43B;&#x456;&#x441;&#x441;&#x44F;.</subfield>
  </datafield>
  <datafield tag="300" ind1=" " ind2=" ">
    <subfield code="a">168 &#x441;.</subfield>
  </datafield>
  <datafield tag="955" ind1=" " ind2=" ">
    <subfield code="a">2</subfield>
  </datafield>
  <datafield tag="041" ind1=" " ind2=" ">
    <subfield code="a">ukr</subfield>
  </datafield>
  <datafield tag="080" ind1=" " ind2=" ">
    <subfield code="a">726.5(477.41/42)</subfield>
  </datafield>
  <datafield tag="020" ind1=" " ind2=" ">
    <subfield code="a">966-575-122-0</subfield>
  </datafield>
  <datafield tag="260" ind1=" " ind2=" ">
    <subfield code="a">&#x41A;.</subfield>
    <subfield code="b">&#x422;&#x435;&#x445;&#x43D;&#x456;&#x43A;&#x430;</subfield>
    <subfield code="c">2004</subfield>
  </datafield>
  <datafield tag="650" ind1=" " ind2="7">
    <subfield code="a">72 &#x410;&#x440;&#x445;&#x456;&#x442;&#x435;&#x43A;&#x442;&#x443;&#x440;&#x430;</subfield>
    <subfield code="2">UDC</subfield>
  </datafield>
  <datafield tag="999" ind1=" " ind2=" ">
    <subfield code="c">320442</subfield>
    <subfield code="d">320442</subfield>
  </datafield>
  <datafield tag="952" ind1=" " ind2=" ">
    <subfield code="0">0</subfield>
    <subfield code="1">0</subfield>
    <subfield code="2">udc</subfield>
    <subfield code="4">0</subfield>
    <subfield code="7">0</subfield>
    <subfield code="a">101</subfield>
    <subfield code="b">101</subfield>
    <subfield code="d">2007-05-04</subfield>
    <subfield code="e">91/2007</subfield>
    <subfield code="g">13.96</subfield>
    <subfield code="i">104590</subfield>
    <subfield code="l">0</subfield>
    <subfield code="o">726.5(477.41/42) &#x417;-13</subfield>
    <subfield code="p">104590</subfield>
    <subfield code="r">2021-12-29 00:00:00</subfield>
    <subfield code="w">2005-09-20</subfield>
    <subfield code="y">BK</subfield>
  </datafield>
  <datafield tag="952" ind1=" " ind2=" ">
    <subfield code="0">0</subfield>
    <subfield code="1">0</subfield>
    <subfield code="2">udc</subfield>
    <subfield code="4">0</subfield>
    <subfield code="7">0</subfield>
    <subfield code="a">101</subfield>
    <subfield code="b">101</subfield>
    <subfield code="d">2005-09-20</subfield>
    <subfield code="e">111/2005</subfield>
    <subfield code="g">5.00</subfield>
    <subfield code="i">87003</subfield>
    <subfield code="l">0</subfield>
    <subfield code="o">726.5(477.41/42) &#x417;-13</subfield>
    <subfield code="p">87003</subfield>
    <subfield code="r">2021-12-29 00:00:00</subfield>
    <subfield code="w">2005-09-20</subfield>
    <subfield code="y">BK</subfield>
  </datafield>
  <datafield tag="952" ind1=" " ind2=" ">
    <subfield code="0">0</subfield>
    <subfield code="1">0</subfield>
    <subfield code="2">udc</subfield>
    <subfield code="4">0</subfield>
    <subfield code="7">0</subfield>
    <subfield code="a">101</subfield>
    <subfield code="b">101</subfield>
    <subfield code="d">2005-09-20</subfield>
    <subfield code="e">111/2005</subfield>
    <subfield code="g">5.00</subfield>
    <subfield code="i">87004</subfield>
    <subfield code="l">0</subfield>
    <subfield code="o">726.5(477.41/42) &#x417;-13</subfield>
    <subfield code="p">87004</subfield>
    <subfield code="r">2021-12-29 00:00:00</subfield>
    <subfield code="w">2005-09-20</subfield>
    <subfield code="y">BK</subfield>
  </datafield>
  <datafield tag="952" ind1=" " ind2=" ">
    <subfield code="0">0</subfield>
    <subfield code="1">0</subfield>
    <subfield code="2">udc</subfield>
    <subfield code="4">0</subfield>
    <subfield code="7">0</subfield>
    <subfield code="a">101</subfield>
    <subfield code="b">101</subfield>
    <subfield code="d">2005-09-20</subfield>
    <subfield code="e">111/2005</subfield>
    <subfield code="g">5.00</subfield>
    <subfield code="i">87005</subfield>
    <subfield code="l">0</subfield>
    <subfield code="o">726.5(477.41/42) &#x417;-13</subfield>
    <subfield code="p">87005</subfield>
    <subfield code="r">2021-12-29 00:00:00</subfield>
    <subfield code="w">2005-09-20</subfield>
    <subfield code="y">BK</subfield>
  </datafield>
  <datafield tag="952" ind1=" " ind2=" ">
    <subfield code="0">0</subfield>
    <subfield code="1">0</subfield>
    <subfield code="2">udc</subfield>
    <subfield code="4">0</subfield>
    <subfield code="7">0</subfield>
    <subfield code="a">102</subfield>
    <subfield code="b">102</subfield>
    <subfield code="d">2005-09-20</subfield>
    <subfield code="e">111/2005</subfield>
    <subfield code="g">5.00</subfield>
    <subfield code="i">87006</subfield>
    <subfield code="l">0</subfield>
    <subfield code="o">726.5(477.41/42) &#x417;-13</subfield>
    <subfield code="p">87006</subfield>
    <subfield code="r">2022-02-09 00:00:00</subfield>
    <subfield code="w">2005-09-20</subfield>
    <subfield code="y">BK</subfield>
  </datafield>
  <datafield tag="952" ind1=" " ind2=" ">
    <subfield code="0">0</subfield>
    <subfield code="1">0</subfield>
    <subfield code="2">udc</subfield>
    <subfield code="4">0</subfield>
    <subfield code="7">0</subfield>
    <subfield code="a">102</subfield>
    <subfield code="b">102</subfield>
    <subfield code="d">2005-09-20</subfield>
    <subfield code="e">111/2005</subfield>
    <subfield code="g">5.00</subfield>
    <subfield code="i">87007</subfield>
    <subfield code="l">0</subfield>
    <subfield code="o">726.5(477.41/42) &#x417;-13</subfield>
    <subfield code="p">87007</subfield>
    <subfield code="r">2022-02-07 00:00:00</subfield>
    <subfield code="w">2005-09-20</subfield>
    <subfield code="y">BK</subfield>
  </datafield>
  <datafield tag="952" ind1=" " ind2=" ">
    <subfield code="0">0</subfield>
    <subfield code="1">0</subfield>
    <subfield code="2">udc</subfield>
    <subfield code="4">0</subfield>
    <subfield code="7">0</subfield>
    <subfield code="a">102</subfield>
    <subfield code="b">102</subfield>
    <subfield code="d">2006-01-30</subfield>
    <subfield code="e">10/2006</subfield>
    <subfield code="g">7.00</subfield>
    <subfield code="i">94468</subfield>
    <subfield code="l">0</subfield>
    <subfield code="o">726.5(477.41/42) &#x417;-13</subfield>
    <subfield code="p">94468</subfield>
    <subfield code="r">2021-12-29 00:00:00</subfield>
    <subfield code="w">2005-09-20</subfield>
    <subfield code="y">BK</subfield>
  </datafield>
  <datafield tag="952" ind1=" " ind2=" ">
    <subfield code="0">0</subfield>
    <subfield code="1">0</subfield>
    <subfield code="2">udc</subfield>
    <subfield code="4">0</subfield>
    <subfield code="7">0</subfield>
    <subfield code="a">102</subfield>
    <subfield code="b">102</subfield>
    <subfield code="d">2006-01-30</subfield>
    <subfield code="e">10/2006</subfield>
    <subfield code="g">7.00</subfield>
    <subfield code="i">94470</subfield>
    <subfield code="l">0</subfield>
    <subfield code="o">726.5(477.41/42) &#x417;-13</subfield>
    <subfield code="p">94470</subfield>
    <subfield code="r">2021-12-29 00:00:00</subfield>
    <subfield code="w">2005-09-20</subfield>
    <subfield code="y">BK</subfield>
  </datafield>
  <datafield tag="952" ind1=" " ind2=" ">
    <subfield code="0">0</subfield>
    <subfield code="1">0</subfield>
    <subfield code="2">udc</subfield>
    <subfield code="4">0</subfield>
    <subfield code="7">0</subfield>
    <subfield code="a">102</subfield>
    <subfield code="b">102</subfield>
    <subfield code="d">2006-01-30</subfield>
    <subfield code="e">10/2006</subfield>
    <subfield code="g">7.00</subfield>
    <subfield code="i">94471</subfield>
    <subfield code="l">0</subfield>
    <subfield code="o">726.5(477.41/42) &#x417;-13</subfield>
    <subfield code="p">94471</subfield>
    <subfield code="r">2021-12-29 00:00:00</subfield>
    <subfield code="w">2005-09-20</subfield>
    <subfield code="y">BK</subfield>
  </datafield>
  <datafield tag="952" ind1=" " ind2=" ">
    <subfield code="0">0</subfield>
    <subfield code="1">0</subfield>
    <subfield code="2">udc</subfield>
    <subfield code="4">0</subfield>
    <subfield code="7">0</subfield>
    <subfield code="a">102</subfield>
    <subfield code="b">102</subfield>
    <subfield code="d">2006-01-30</subfield>
    <subfield code="e">10/2006</subfield>
    <subfield code="g">7.00</subfield>
    <subfield code="i">94472</subfield>
    <subfield code="l">0</subfield>
    <subfield code="o">726.5(477.41/42) &#x417;-13</subfield>
    <subfield code="p">94472</subfield>
    <subfield code="r">2021-12-29 00:00:00</subfield>
    <subfield code="w">2005-09-20</subfield>
    <subfield code="y">BK</subfield>
  </datafield>
</record>
